[Event "Landsturneringen 2015"]
[Site "Oslo NOR"]
[Date "2015.07.06"]
[Round "3"]
[White "Nygaard, Trond"]
[Black "Bø, Martin"]
[Result "1/2-1/2"]
[WhiteElo "1095"]
[BlackElo "1150"]
[Annotator "Martin,Bø"]
[PlyCount "160"]
[EventDate "2015.07.04"]

1. e4 c5 2. Nf3 d6 3. Bc4 $6 {Ingen spiller dette på høyt nivå, men er
populært blant nybegynnere på chess.com} Nc6 4. h3 {Passivt} Nf6 5. d3 g6 6.
O-O Bg7 7. a3 O-O 8. Nc3 e6 9. Rb1 d5 10. exd5 exd5 11. Ba2 b6 12. Bg5 Ne7 $2 {
Her starter problemene} (12... Be6 $11) 13. Qd2 Bb7 14. d4 c4 15. b3 Ba6 (15...
Ne4 16. Nxe4 dxe4 17. Nh2) 16. Rfe1 cxb3 17. Bxb3 Re8 $4 18. Ba4 Nd7 19. Nxd5
Bf8 20. g4 $2 (20. Bxd7 Qxd7 21. Nf6+) 20... Bb7 21. c4 Bxd5 22. cxd5 Qc7 23.
Rbc1 Qd6 24. Bc6 Nxc6 25. dxc6 Rxe1+ 26. Qxe1 Nf6 27. Bxf6 Qxf6 28. Qe3 Rc8 29.
d5 Bd6 30. a4 Bf4 31. Qc3 $1 Qxc3 32. Rxc3 Kg7 33. Rd3 Bd6 34. Kf1 Re8 35. Nd2
Bb4 36. d6 Bxd6 37. Rxd6 Rc8 38. Ke2 Kf8 39. Nc4 Ke7 40. Ke3 a6 41. Nxb6 Kxd6
42. Nxc8+ Kxc6 43. Ne7+ Kd6 44. Ng8 Kc5 45. Ne7 Kd6 46. Ng8 Kc5 47. Nf6 Kb4 48.
Nd5+ Kxa4 49. Nc3+ Kb3 50. Kd4 a5 51. f4 f5 52. gxf5 gxf5 53. h4 h6 54. h5 Kb4
55. Nb1 Kb3 56. Nd2+ Kb4 57. Nb1 Kb3 58. Ke5 $4 (58. Ke3 Kc4 59. Nd2+ Kb4 60.
Kd4 Kb5 61. Nc4 a4 62. Nd6+ Kb4 63. Nxf5 a3 64. Ne3 a2 65. Nc2+ Kb3 66. Kd3 {
1-0}) 58... Kb2 59. Na3 Kxa3 60. Kxf5 Kb3 61. Kg6 a4 62. f5 a3 63. f6 a2 64. f7
a1=Q 65. f8=Q Qa6+ 66. Qf6 Qd3+ 67. Kxh6 Qe3+ 68. Kh7 Qe4+ 69. Kg7 Qg4+ 70. Kh6
Kb4 71. Qf8+ Kb3 72. Qf7+ Kb4 73. Qb7+ Kc4 74. Qc6+ Kb4 75. Qd6+ Kc4 76. Qa6+
Kb4 77. Qb7+ Kc4 78. Qf7+ Kb4 79. Qf8+ Kb3 80. Qf7+ Kb4 {Krevde remis ved
trekkgjenntakelse her, noe min motstander ikke var enig i. Etter snakk med
motstander og verter, fant vi ut at det var remis. Veldig heldig i
sluttspillet i dette partiet også} 1/2-1/2

[Event "Landsturneringen 2015"]
[Site "Oslo NOR"]
[Date "2015.07.06"]
[Round "3"]
[White "Ruud, Kjetil"]
[Black "Olsen, Rolf A"]
[Result "1-0"]
[WhiteElo "1318"]
[BlackElo "1262"]
[PlyCount "81"]
[EventDate "2015.07.04"]

1. e4 e5 2. Nf3 Nc6 3. d4 exd4 4. Nxd4 Be7 5. Nc3 Bf6 6. Be3 Nge7 7. a3 O-O 8.
Bc4 Ne5 9. Ba2 d6 10. O-O a6 11. Nde2 c6 12. Ng3 Be6 13. Nh5 Nc8 14. Bxe6 fxe6
15. Qe2 b5 16. Nxf6+ Qxf6 17. Bd4 Nf3+ 18. Qxf3 Qxd4 19. Qg4 Qf6 20. Rad1 Ra7
21. Rd3 Raf7 22. Rh3 Ne7 23. Rd3 d5 24. exd5 exd5 25. b4 Nf5 26. Ne2 Qd6 27.
Nd4 Nh6 28. Qe6 Rd8 29. Re1 Qxe6 30. Rxe6 Ng4 31. f3 Rdf8 32. Nxc6 Nf6 33. Ne7+
Kh8 34. Nxd5 Nxd5 35. Rxd5 Ra7 36. Rdd6 a5 37. Ra6 Rxa6 38. Rxa6 axb4 39. axb4
h6 40. Rb6 Rf5 41. Kf2 1-0

[Event "Landsturneringen 2015"]
[Site "Oslo NOR"]
[Date "2015.07.06"]
[Round "4"]
[White "Bø, Martin"]
[Black "Evenstad, Idar"]
[Result "1/2-1/2"]
[WhiteElo "1150"]
[BlackElo "996"]
[Annotator "Martin,Bø"]
[PlyCount "52"]
[EventDate "2015.07.04"]

1. e4 Nf6 2. e5 Nd5 3. d4 d6 4. c4 Nb6 5. Nf3 Bg4 6. exd6 exd6 7. b3 N8d7 8.
Be2 g6 9. O-O Bg7 10. h3 Bf5 11. Re1 O-O 12. Bb2 Re8 13. Nbd2 Nf6 14. Nf1 Qc8
15. Ng3 Bd7 16. Bd3 Rxe1+ 17. Qxe1 Qe8 18. Qd2 Qf8 19. Ne4 Re8 20. Re1 Bc6 21.
d5 (21. Nxf6+ Bxf6 22. d5 Bxb2 23. dxc6 Bg7 24. Rxe8 Qxe8 25. cxb7 Qb8 26. Be4
Nd7 $18) 21... Nxe4 (21... Bd7 22. Qh6 Bxh6 23. Nxf6+ Kg7 24. Nxe8+ Kg8 25.
Nf6+ Kg7 26. Nxd7+ Kg8 27. Nxf8 Bxf8 {Morsom variant, som selvfølgelig ikke
fungerer av mange årsaker. Sort slår springeren på e4 istedenfor dama. Regnet
litt på denne underveis i partiet, man fant ut at dersom dama ikke slås, blir
det problemer for hvit}) 22. Rxe4 Rxe4 23. Bxe4 Bd7 24. Bxg7 Qxg7 25. Qd4 Qxd4
26. Nxd4 Kg7 1/2-1/2

[Event "Landsturneringen 2015"]
[Site "Oslo NOR"]
[Date "2015.07.06"]
[Round "4"]
[White "Fuglseth, Jan"]
[Black "Rist, Karl-Johan"]
[Result "1-0"]
[WhiteElo "1435"]
[BlackElo "1355"]
[Annotator "Jan Fuglseth"]
[PlyCount "43"]
[EventDate "2015.07.04"]

{Jeg registrerer i ettertid at motstanderen er turneringsleder i neste års NM
i Tromsø} 1. c4 {[%emt 0:00:00]} f5 2. g3 Nf6 3. Bg2 g6 4. Nc3 Bg7 5. Nh3 d6 6.
d4 c6 7. O-O O-O 8. Nf4 Qc7 9. e4 fxe4 10. Nxe4 Nxe4 11. Bxe4 Bxd4 {Han har
set t at en bondegaffel med e5 vil gi tilbake offiseren med bonde over. Det
hadde gått feil o varianten nedenfor er vinnende for hvit. Han skal likevel få
seg en overraskelse} 12. Nxg6 (12. Qxd4 e5 13. Qd1 exf4 14. Bxf4) 12... Bxf2+
13. Rxf2 Rxf2 14. Kxf2 hxg6 15. Bxg6 e5 $18 {Hvit står best, blir overmodig
men kommer unna med det} 16. Bh6 Qb6+ 17. Be3 Qd8 $4 {Nå blir det moro å være
hvit. Hele hæren hans er på permisjon i sitte eget hjørne} (17... Qxb2+ 18. Kg1
Bh3 19. Bf2 e4 20. Rb1) 18. Qh5 Qf6+ 19. Kg2 Qh8 20. Bh6 Be6 21. Rf1 Nd7 22.
Bf7+ {Matt i neste} 1-0

[Event "Landsturneringen 2015"]
[Site "Oslo NOR"]
[Date "2015.07.06"]
[Round "4"]
[White "Furnes, Torstein"]
[Black "Juriloo, Karl"]
[Result "1/2-1/2"]
[WhiteElo "1663"]
[BlackElo "1801"]
[Annotator "Furnes, Torstein"]
[PlyCount "177"]
[EventDate "2015.07.04"]

1. d4 Nf6 2. c4 e6 3. Nc3 d5 4. Bg5 Be7 5. e3 c6 6. Nf3 O-O 7. Rc1 Nbd7 8. Bd3
dxc4 9. Bxc4 b5 10. Bd3 Bb7 11. O-O a6 12. Bb1 c5 13. dxc5 Nxc5 14. Qc2 Nce4
15. Rfd1 Qb6 16. Rd4 $6 $17 {Dette trekket er ikke tidligere spilt hos
chesslive.de. Fritz liker ikke trekket, og stillingsvurderingen faller fra 0
til -1.} Rac8 17. Bxf6 Nxf6 18. Ng5 h6 (18... g6 {er litt sterkere ifølge Fritz
}) 19. Nh7 Rfd8 20. Nxf6+ Bxf6 21. Qh7+ Kf8 22. Rxd8+ Rxd8 23. Be4 Bxc3 24.
bxc3 Qd6 25. h3 Qd2 26. Rc2 Qd1+ 27. Kh2 f5 $11 {Dette kan virke som et
naturlig trekk, ettersom svart vinner kvalitet. Men antagelig er det likevel
en feil. Fritz mener fordelen faller fra liten svart fordel til 0.00.} 28. Bxb7
Qxc2 29. Qh8+ Ke7 30. Qxg7+ Kd6 31. Qd4+ Kc7 32. Qa7 Qxc3 33. Bxa6+ Kd6 34.
Qb6+ Ke7 35. Bxb5 Qe5+ 36. f4 Qb8 37. Qxb8 Rxb8 38. a4 Rc8 39. Kg3 Rc3 40. Kf3
h5 41. Be2 Ra3 42. Bb5 h4 43. Ke2 Kd6 44. Kf2 Kc5 45. Bd7 Kd5 46. Ke2 Ra2+ 47.
Kf3 Ra3 48. Ke2 Kd6 49. Bb5 e5 50. fxe5+ Kxe5 51. Bc6 Rc3 52. Bb7 Rc7 53. Ba6
Rc2+ 54. Kf3 Rc3 55. Ke2 Ra3 56. Bb5 Kd5 57. Kf3 Ke5 58. Ke2 Ra2+ 59. Kf3 Rb2
60. Bc6 Rc2 61. Bb7 Rc7 62. Ba6 Rc6 63. Bd3 Rc3 64. Ke2 Ra3 65. Bb5 {Det har
blitt mye manøvrering fram og tilbake. Under innleggingen av partiet i
Stockfish, kom det nå fram automatisk beskjed om at samme stilling har
oppstått for tredje gang og at partiet dermed er remis. De to tidligere
gangene er etter hvits 56. og 58. trekk. Men under partiet hadde jeg ikke
oversikt over dette.} f4 66. exf4+ Kxf4 67. Bc6 Rc3 68. Bf3 Rc4 {Dermed faller
a-bonden. Men stillingen er antagelig likevel remis.} 69. a5 Ra4 70. a6 Rxa6
71. Kf2 Ra2+ 72. Kg1 Kg3 73. Kf1 Rb2 74. Be4 Rb4 75. Bf3 Rb5 76. Be4 Rb6 77.
Bf3 Kh2 78. Kf2 Rf6 79. Kf1 Kh1 80. Kf2 Kh2 81. Kf1 Ra6 82. Kf2 Ra1 83. Be4
Ra2+ 84. Kf1 Kg3 85. Bf3 Kf4 86. Kg1 Ke3 87. Kh2 {Etter at kongen har kommet
hit, er remisen åpenbar. Hvit har fått satt opp en "festning". Den hvite
løperen trenger bare å gå fram og tilbake i diagonalen a8-f3.} Rf2 88. Bb7 Rf7
89. Bc6 1/2-1/2

[Event "Landsturneringen 2015"]
[Site "Oslo NOR"]
[Date "2015.07.06"]
[Round "4"]
[White "Lange, Holger"]
[Black "Søreng, Eirik"]
[Result "1/2-1/2"]
[WhiteElo "1596"]
[BlackElo "1632"]
[PlyCount "63"]
[EventDate "2015.07.04"]

1. e4 e5 2. Nf3 Nc6 3. d4 exd4 4. Bc4 Nf6 5. Ng5 d5 6. exd5 Na5 7. Bb5+ c6 8.
dxc6 bxc6 9. Bd3 Bd6 10. O-O O-O 11. Bd2 h6 12. Ne4 Nxe4 13. Bxe4 Nc4 14. b3
Nxd2 15. Nxd2 Qc7 16. g3 Ba6 17. Re1 f5 18. Bg2 Rae8 19. Nf1 c5 20. Qh5 Rxe1
21. Rxe1 Bb7 22. Re8 Bxg2 23. Rxf8+ Bxf8 24. Kxg2 Qc6+ 25. Qf3 Qxf3+ 26. Kxf3
Kf7 27. Nd2 Ke6 28. Nc4 Bd6 29. h3 Bc7 30. Nd2 Kd5 31. Nc4 g6 32. a4 1/2-1/2

[Event "Landsturneringen 2015"]
[Site "Oppsal arena, Oslo NOR"]
[Date "2015.07.06"]
[Round "4"]
[White "Lie, Terje"]
[Black "Lea, Per"]
[Result "0-1"]
[WhiteElo "1449"]
[BlackElo "1592"]
[Annotator "Lea,Per"]
[PlyCount "124"]
[EventDate "2015.07.04"]

{Vi møttes langt nede på bordene også i 2014, men da med motsatte farger. Jeg
hadde det jeg trodde var et vunnet sluttspill, men så plutselig fikk han
farlige muligheter som jeg ikke fant det beste forsvaret mot. Dermed munnet
det hele ut i remis} 1. d4 d5 2. c4 e6 3. Nc3 Nf6 4. Nf3 c6 5. Bg5 Be7 6. e3
O-O 7. Qc2 Nbd7 8. Ne5 Nxe5 9. dxe5 Ng4 10. Bf4 Bg5 11. h3 Nh6 12. Bd3 Nf5 13.
O-O-O g6 {Nå begynner den svarte stillingen å se "rar" ut} 14. g3 (14. Bxf5
gxf5 15. g4 Bxf4 16. exf4 {og hvit har et visst initiativ}) 14... f6 ({Et
heslig trekk. Etter} 14... Bxf4 15. gxf4 Nh4 {har svart nesten utliknet}) 15.
h4 {Igjen er det bedre å slå på f5} Bxf4 16. Bxf5 ({Når hvit endelig slår på
f5, er det dårlig! Nå vinner svart en bonde ved hjelp av en barnslig
kombinasjon.} 16. gxf4) 16... Bxe3+ 17. fxe3 gxf5 18. exf6 Rxf6 ({Bedre:} 18...
Qxf6) 19. cxd5 exd5 20. Rde1 Rg6 21. Qf2 Qc7 22. Rhg1 Rg4 23. Kb1 Be6 24. Ne2
c5 25. Rc1 Qd6 26. Nf4 b6 27. Nh5 Rf8 28. Nf4 Rd8 29. Nh5 Bc8 30. Rcd1 Qe5 31.
Rde1 Kh8 32. a3 d4 $2 (32... Re4 33. Nf4 Ba6 34. Qd2 $17) 33. Nf4 (33. exd4
Qxd4 34. Qxd4+ Rgxd4 35. Re7 Ba6 36. Rxa7 Bd3+ 37. Ka1 Bc4 38. Rb1 {med
ørliten fordel for svart}) 33... Qe4+ 34. Ka1 d3 {"Svarte fribønder går
fortest!" (P.Lea)} 35. Qd2 c4 $2 {Her hadde jeg undervurdert - eller oversett?
- en hvit dronningsjakk på c3} 36. Nh5 $2 ({Feil rekkefølge! Etter} 36. Qc3+
Kg8 37. Nh5 Rf8 38. Nf6+ Rxf6 39. Qxf6 {er det mulig svart berger remis ved
hjelp av fribonden, men neppe mer.}) 36... Qe5 37. Nf4 Rdg8 38. Nh5 Bd7 39. Qc3
Qxc3 40. bxc3 R4g6 41. Rg2 Bc6 42. Rgg1 d2 ({Enda bedre er} 42... Bf3 43. Nf4
Rxg3 44. Rgf1 d2 45. Rb1 Rd8 46. Rbd1 Bxd1 47. Rxd1 Rxe3) 43. Ref1 d1=R+ $2 (
43... Ba4 $1) 44. Rxd1 Bf3 45. Nf4 {Unøyaktigheten med svarts "fikse" 43.
trekk viser seg plutselig: tårnet på g6 henger.} Bxd1 46. Nxg6+ Rxg6 47. Rxd1
Rxg3 48. Rd8+ Kg7 49. Rd7+ Kg6 50. Rxa7 Rxe3 51. Kb2 f4 52. Rc7 Re6 ({
Unødvendig å bruke tid på å få tårnet bak fribonden.} 52... f3 53. Rxc4 Kf5 54.
Rc8 Re6 {holder lenge.}) 53. Rxc4 Rf6 54. Rd4 f3 55. Rd1 f2 56. Rf1 Kh5 57. Kc2
Kxh4 58. Kd2 Kg3 59. Kd3 Kg2 60. Rb1 f1=Q+ 61. Rxf1 Kxf1 62. Kc4 h5 0-1

[Event "Landsturneringen 2015"]
[Site "Oslo NOR"]
[Date "2015.07.06"]
[Round "4"]
[White "Naasen, Nils"]
[Black "Yilmaz, Kazim"]
[Result "1-0"]
[WhiteElo "1290"]
[BlackElo "1398"]
[PlyCount "49"]
[EventDate "2015.07.04"]

1. e4 e5 2. Nf3 Nc6 3. Bb5 Nf6 4. d3 d6 5. h3 Be7 6. c3 O-O 7. O-O Re8 8. Re1
Bf8 9. Nbd2 Bd7 10. Ba4 Na5 11. Bc2 c5 12. Nf1 h6 13. Be3 b5 14. Rc1 d5 15.
exd5 Nxd5 16. Ng3 f5 17. Bxh6 gxh6 18. Nxe5 Bd6 19. Nxd7 Qxd7 20. Qf3 Bxg3 21.
Qxg3+ Qg7 22. Rxe8+ Rxe8 23. Qd6 Nxc3 24. bxc3 Qxc3 25. Bb3+ 1-0

[Event "Landsturneringen 2015"]
[Site "Oslo NOR"]
[Date "2015.07.06"]
[Round "4"]
[White "Ruud, Kjetil"]
[Black "Hellem, Gunnar"]
[Result "1-0"]
[WhiteElo "1318"]
[BlackElo "1479"]
[PlyCount "47"]
[EventDate "2015.07.04"]

1. e4 c5 2. Nf3 Nc6 3. c3 g6 4. d4 cxd4 5. cxd4 Bg7 6. Be2 d6 7. O-O Qb6 8. Nc3
Nxd4 9. Nxd4 Qxd4 10. Qxd4 Bxd4 11. Nd5 Kd8 12. Rd1 Bg7 13. f4 Nf6 14. Nxf6
Bxf6 15. e5 Bg7 16. exd6 e6 17. d7 Ke7 18. dxc8=Q Raxc8 19. Bd2 Bxb2 20. Bb4+
Kf6 21. Rab1 Rc2 22. Bd3 Bd4+ 23. Kh1 Rxa2 24. Bc4 1-0

[Event "Landsturneringen 2015"]
[Site "Oslo NOR"]
[Date "2015.07.07"]
[Round "5"]
[White "Bjørnsen, Stein Tholo"]
[Black "Lange, Holger"]
[Result "1-0"]
[WhiteElo "1582"]
[BlackElo "1596"]
[Annotator "Lange,Holger"]
[PlyCount "77"]
[EventDate "2015.07.04"]

1. e4 Nf6 2. e5 Nd5 3. d4 d6 4. Nf3 Bg4 5. Be2 e6 6. O-O Be7 7. h3 Bh5 8. c4
Nb6 9. exd6 cxd6 10. Nc3 O-O 11. Be3 Nc6 12. d5 Bxf3 {unøyaktig, man slår
først en gang på d5:} (12... exd5 13. Nxd5 Bxf3 14. Bxb6 axb6 15. Bxf3 Bf6 16.
Nxf6+ Qxf6) 13. Bxf3 Ne5 14. dxe6 Nxf3+ 15. Qxf3 fxe6 16. Qe4 $1 {og hvit står
best} Qd7 17. Bxb6 axb6 18. Rae1 Rf6 19. Re2 Qc6 20. a3 Rc8 21. Rfe1 Qxe4 22.
Rxe4 Kf7 23. Nd5 exd5 24. Rxe7+ Kg6 25. cxd5 Rc2 26. Rxb7 Rxb2 27. Ree7 Rfxf2
$2 28. Rxg7+ Kh6 {jeg hadde ikke sett at} (28... Kf6 $4 29. Rgf7+ {vinner tårn
for hvit}) 29. Rxh7+ Kg6 30. Rbg7+ Kf6 31. Rf7+ Kg6 32. Rxf2 Rxf2 33. Kxf2 Kxh7
34. a4 Kg6 35. g4 Kf6 36. h4 Ke5 37. h5 Kf6 38. h6 Kg6 39. g5 {tap mot en
nærmest blinde med en assistent på brettet. Han vant klasse 2 suveren med 8 av
9 poeng} 1-0

[Event "Landsturneringen 2015"]
[Site "Oslo NOR"]
[Date "2015.07.07"]
[Round "5"]
[White "Hauge, Eirik"]
[Black "Bø, Martin"]
[Result "1-0"]
[WhiteElo "1111"]
[BlackElo "1150"]
[Annotator "Martin,Bø"]
[PlyCount "55"]
[EventDate "2015.07.04"]

1. d4 Nf6 2. Bg5 e6 3. Nf3 c5 4. e3 d5 5. Nbd2 Be7 6. c3 O-O 7. Bd3 Nc6 8. O-O
h6 {Ofrer bonden på c5, noe fritz faktisk liker} 9. Bxf6 Bxf6 10. dxc5 e5 {
Liker derimot ikke så godt oppfølgeren} 11. e4 d4 12. cxd4 exd4 13. Nb3 Be6 14.
Re1 Qc7 15. Bb5 Bxb3 16. axb3 Rfd8 (16... Ne5 17. Rc1 Rac8) 17. Bxc6 Qxc6 18.
b4 d3 19. e5 d2 $2 (19... Be7 20. Qb3 a5 21. e6 f6 22. Rad1 Qb5) 20. Re2 $1 Be7
21. Rxd2 Rxd2 22. Qxd2 Rd8 23. Qc3 a6 24. g3 b5 $2 25. Nd4 Qd5 26. Nf5 Qe6 27.
Nd6 Bxd6 28. exd6 1-0

[Event "Landsturneringen 2015"]
[Site "Oslo NOR"]
[Date "2015.07.07"]
[Round "5"]
[White "Hjørnevik, Knut Jarle"]
[Black "Furnes, Torstein"]
[Result "1-0"]
[WhiteElo "1818"]
[BlackElo "1663"]
[Annotator "Furnes, Torstein"]
[PlyCount "97"]
[EventDate "2015.07.04"]

1. d4 d5 2. c4 e6 3. Nc3 Nf6 4. cxd5 exd5 5. Bg5 Be7 6. e3 O-O 7. Bd3 c6 8.
Nge2 Nbd7 9. Qc2 Re8 10. O-O Nf8 11. f3 Nh5 12. Bxe7 Qxe7 13. e4 dxe4 14. fxe4
Qg5 15. Kh1 Ng6 16. Bc4 Be6 17. Bxe6 $146 Rxe6 18. Rf5 Qg4 19. Raf1 Nh4 20.
R5f2 Rf6 21. e5 Rxf2 22. Rxf2 Rd8 23. Ne4 g6 24. h3 Qe6 25. g4 Ng7 26. Nf6+ Kh8
27. Qc1 Nhf5 28. gxf5 Nxf5 29. Rxf5 Qxf5 30. Qh6 g5 31. Kg2 ({Hvit kunne spilt
} 31. Nxh7 $1 {med poenget} Qxh7 $2 (31... Qe4+ 32. Kg1 Qb1+ 33. Kh2) 32. Qf6+
Kg8 33. Qxd8+) 31... Qd3 32. Kf2 Qf5+ 33. Ke3 c5 34. Nxh7 cxd4+ 35. Kd2 Qg6 36.
Qxg6 fxg6 37. Nxg5 Rd5 38. Kd3 Kg7 39. Ke4 Rd7 40. Nxd4 Kh6 41. e6 Re7 42. h4
Kg7 43. Ke5 Re8 44. Nb5 a6 45. Nd6 Re7 46. h5 b5 47. h6+ Kxh6 48. Kf6 Ra7 49.
Ngf7+ 1-0

[Event "Landsturneringen 2015"]
[Site "Oppsal arena, Oslo NOR"]
[Date "2015.07.07"]
[Round "5"]
[White "Lea, Per"]
[Black "Røstad, Rolf"]
[Result "0-1"]
[WhiteElo "1592"]
[BlackElo "1654"]
[Annotator "Lea,Per"]
[PlyCount "66"]
[EventDate "2015.07.04"]

1. e4 d6 2. d4 Nf6 3. Nc3 g6 4. Nf3 Bg7 5. Bc4 c6 6. a4 O-O 7. O-O Nbd7 8. Bg5
Qc7 9. Qd2 b6 10. Bh6 e6 11. Bxg7 Kxg7 12. Rfe1 Nxe4 13. Nxe4 d5 14. Bd3 dxe4
15. Rxe4 h6 16. Rh4 Rh8 17. Qc3 Nf6 18. Ne5 Bb7 19. a5 Rac8 20. b4 Qe7 21. Qd2
Nd7 22. Rf4 Nxe5 23. dxe5 b5 24. a6 Ba8 25. c4 Rhd8 26. c5 Qg5 27. Qe3 $4 {
Sjakkblindhet. Jeg overså rett og slett at jeg kunne unngå å tape så mye
materiell som jeg faktisk gjorde} (27. Rd1 Rxd3 28. Rxf7+ Kxf7 29. Qxd3 Re8 30.
Qd7+ Qe7 31. h3 {og svart klarer aldri å frigjøre den håpløst plasserte
løperen i kroken.}) (27. g3 {var en annen mulighet}) 27... Rxd3 28. Rxf7+ Kxf7
29. Qxd3 Rd8 $1 {Dermed er alt håp ute for hvit} 30. Qe4 Rd2 31. f4 Qf5 32. Qf3
Qd3 33. Qg4 $4 {En stygg overseelse i tapt stilling (og i tidsnød)} ({Etter} 
33. Qxd3 Rxd3 {mister hvit flere av de svake bøndene, og svarts "reserveløper"
våkner til liv}) 33... Qd4+ 0-1

[Event "Landsturneringen 2015"]
[Site "Oslo NOR"]
[Date "2015.07.07"]
[Round "5"]
[White "Lindsjørn, Yngve"]
[Black "Naasen, Nils"]
[Result "0-1"]
[WhiteElo "1390"]
[BlackElo "1290"]
[PlyCount "110"]
[EventDate "2015.07.04"]

1. e4 c6 2. d4 d5 3. Nc3 dxe4 4. Nxe4 Nf6 5. Nxf6+ gxf6 6. Be2 Bf5 7. Nf3 e6 8.
O-O Bd6 9. Nh4 Bg6 10. Nxg6 hxg6 11. h3 Qc7 12. f4 Nd7 13. Be3 O-O-O 14. Qd2
Rh7 15. c4 Kb8 16. b4 e5 17. c5 Be7 18. b5 exd4 19. Bxd4 Bxc5 20. Bxc5 Nxc5 21.
Qe3 b6 22. a4 g5 23. f5 Qe5 24. Qxe5+ fxe5 25. bxc6 Rd2 26. Rfe1 Nb3 27. Rad1
Rxd1 28. Bxd1 Nd4 29. Rxe5 Nxc6 30. Re8+ Kc7 31. Bc2 f6 32. Rf8 Rh6 33. Be4 Nd4
34. Rf7+ Kd6 35. Rxa7 Rh4 36. Bd3 Rf4 37. Rf7 Ke5 38. Re7+ Kd5 39. Rf7 Ke5 40.
Rb7 Nxf5 41. Rxb6 Ng3 42. a5 Ra4 43. a6 f5 44. Rb1 Kd4 45. Bb5 Ra2 46. Rc1 f4
47. Re1 Kc5 48. Re5+ Kb6 49. Bd3 Rd2 50. Re6+ Ka7 51. Re7+ Kb6 52. Rb7+ Kc5 53.
a7 Rxd3 54. a8=Q Rd1+ 55. Kf2 Rf1# 0-1

[Event "Landsturneringen 2015"]
[Site "Oslo NOR"]
[Date "2015.07.07"]
[Round "5"]
[White "Pedersen, Ole Petter"]
[Black "Fuglseth, Jan"]
[Result "1-0"]
[WhiteElo "1365"]
[BlackElo "1435"]
[Annotator "Jan Fuglseth"]
[PlyCount "89"]
[EventDate "2015.07.04"]

1. d4 Nf6 2. c4 e6 3. Nc3 Bb4 4. a3 Bxc3+ 5. bxc3 O-O 6. e3 b6 7. Bd3 d5 8.
cxd5 Nxd5 {exd var bedre.} 9. c4 Ne7 10. Ne2 Bb7 11. O-O Nd7 12. e4 c5 13. Bb2
cxd4 14. Nxd4 Nc5 15. Bc2 Bxe4 16. Bxe4 Nxe4 {Bonde over og eliminerte hvit
løper som pekte stygt mot kongefløyen. Sort står noe bedre enn hvit} 17. Qg4
Nf6 18. Qe2 Ng6 19. Rfd1 Qc7 20. Rac1 Qc5 {Jeg er fornøyd med stillingen. 
(Motstanderen har 3,5 poeng etter 4 runder og virker solid)} 21. Nb3 Qg5 22.
Bxf6 gxf6 {Dxf6 er nok litt bedre, men det var fristende å få åpnet en linje
mot kongen hans.} 23. Rc3 Rad8 24. Rg3 Rxd1+ 25. Qxd1 Qf4 (25... Qf5 26. Rg4)
26. Rg4 Qf5 27. h3 e5 28. Na1 Kh8 29. Nc2 Nf4 {Df6 med planen f5 var nok bedre}
30. Ne3 Qe6 31. Qc2 Rg8 32. Qd2 Rxg4 33. Nxg4 Qc6 34. f3 Kg7 35. Qd8 h5 36. Ne3
{Sort vil stå til vinst etter Dc5, men jeg fikk en ide om å stenge d-linjen
først.} Ne2+ 37. Kh2 Nd4 38. Nd5 Qe6 39. Ne7 {Vinsten er spilt bort, men remis
holdes med Sf5} Nc6 $4 40. Qg8+ Kh6 41. Qh8+ Kg5 42. Qg7+ Kf4 43. Nd5+ Kf5 44.
g4+ hxg4 45. hxg4# 1-0

[Event "Landsturneringen 2015"]
[Site "Oslo NOR"]
[Date "2015.07.07"]
[Round "5"]
[White "Solberg, Werner"]
[Black "Ruud, Kjetil"]
[Result "0-1"]
[WhiteElo "1414"]
[BlackElo "1318"]
[PlyCount "86"]
[EventDate "2015.07.04"]

1. e4 e5 2. f4 d5 3. exd5 exf4 4. Nf3 Be7 5. Bb5+ c6 6. dxc6 bxc6 7. Bc4 Bh4+
8. Kf1 Bf6 9. d4 Qd6 10. Nc3 Bf5 11. Qe2+ Ne7 12. Ne4 Bxe4 13. Qxe4 O-O 14.
Bxf4 Qb4 15. Bb3 Nd7 16. c3 Qb7 17. Ne5 Nd5 18. Nxd7 Qxd7 19. Kf2 Rfe8 20. Qf3
Qf5 21. Bd2 Qd7 22. Rhe1 Qd6 23. Kg1 g5 24. Rxe8+ Rxe8 25. Rf1 Re6 26. Bc2 Qe7
27. Qd3 Re2 28. Bd1 Re4 29. Bf3 Re6 30. a3 Qd6 31. Re1 Nf4 32. Rxe6 Qxe6 33.
Qe4 Qb3 34. Bxf4 gxf4 35. Qe2 Qb6 36. g3 c5 37. dxc5 Qxc5+ 38. Kg2 fxg3 39.
hxg3 Be5 40. Qf2 Qc7 41. Bd5 Kg7 42. Kh3 Qd7+ 43. Kh4 Bf6+ 0-1

[Event "Landsturneringen 2015"]
[Site "Oslo NOR"]
[Date "2015.07.08"]
[Round "6"]
[White "Bø, Martin"]
[Black "Jacobsen, Astrid Sofia"]
[Result "1-0"]
[WhiteElo "1150"]
[BlackElo "979"]
[Annotator "Martin,Bø"]
[PlyCount "63"]
[EventDate "2015.07.04"]

1. e4 c6 2. d4 d5 3. Nc3 dxe4 4. Nxe4 Bf5 5. Ng3 Bg6 6. Nf3 Nd7 7. h4 h6 8. h5
Bh7 9. Bd3 Bxd3 10. Qxd3 Ngf6 11. Bd2 e6 12. O-O-O Be7 13. Ne4 O-O 14. Rdg1
Nxe4 15. Qxe4 Nf6 16. Qe2 a5 17. g4 Nh7 18. Qe4 Qd5 19. Qxd5 cxd5 20. Ne5 Ng5
21. f4 Ne4 22. g5 $1 Nxd2 23. Kxd2 Bd6 $4 (23... hxg5 24. fxg5 Bd6 25. Nd3 $14)
24. gxh6 Bxe5 25. fxe5 Kh7 26. hxg7 Rg8 27. h6 Rac8 28. Rf1 Rc7 29. c3 b5 30.
b3 Rgc8 31. Rfg1 Rxc3 $4 32. g8=Q+ (32. g8=Q+ Rxg8 33. Rxg8 Kxg8 34. h7+ Kh8
35. Kxc3) 1-0

[Event "Landsturneringen 2015"]
[Site "Oslo NOR"]
[Date "2015.07.08"]
[Round "6"]
[White "Fuglseth, Jan"]
[Black "Støre, Erling"]
[Result "1-0"]
[WhiteElo "1435"]
[BlackElo "1343"]
[Annotator "Jan Fuglseth"]
[PlyCount "43"]
[EventDate "2015.07.04"]

1. c4 e5 2. Nc3 Nf6 3. Nf3 d6 4. g3 Nbd7 5. Bg2 c6 6. d4 Be7 7. e4 O-O 8. O-O
Re8 9. b3 Qc7 10. Bb2 {Jeg syntes hvit sto best. Ble overrasket av at Fritz
mener det står helt likt.} b6 11. Rc1 a5 12. Qc2 Rb8 13. Qd2 {Fikk en ide om å
spille Sh4 og deretter f4 ettersom han har parkert det meste av materiellet på
motsatt side. Derfor må dronningen passe på d4. Hun burde vært plassert på d3.}
Qa7 14. Kh1 b5 15. Ne2 {En ren overseelse av sorts svar} Nxe4 16. Qd3 f5 17.
dxe5 {Jeg ser at sort har planlagt noen festligheter på f2, men jeg tror jeg
har svaret.} dxe5 18. Nxe5 Nxf2+ 19. Rxf2 Qxf2 20. Nxd7 Bxd7 $4 {Han burde ha
flyttet Le7 til enten a3 eller g5 for å legge press på Se2. Nå får han et
sjokk!} 21. Bd4 $1 bxc4 {Storsvindler!} 22. Qxc4+ {Oppgitt} 1-0